|
|
|
|
| LEADER |
00000nab a2200000 a 4500 |
| 001 |
vtls000779585 |
| 003 |
SK-MaSNL |
| 005 |
20260304130919.0 |
| 008 |
250429c2001 xo 0 slo |
| 015 |
|
|
|a SNBRB2002/02-03862
|
| 035 |
|
|
|a CLN000131346
|
| 035 |
|
|
|a urn:nbn:sk:snk-ab71uw
|
| 035 |
|
|
|a (uuid)40a6c3aa-c94f-4d73-8ecf-d09d9a4a3d74
|
| 035 |
|
|
|a (urnnbn)urn:nbn:sk:snk:ar-a06msc
|
| 035 |
|
|
|a (sysno)vtls000779585
|
| 040 |
|
|
|a SNKBUCL
|b slo
|c SNKBUCL
|e AACR2
|
| 041 |
0 |
|
|a cze
|
| 044 |
|
|
|a xo
|c SK
|
| 080 |
|
|
|a 612.24
|2 1997
|
| 245 |
0 |
0 |
|a Měření dechových funkcí pomocí impulsní oscilometrie
|c V. Gutová ... [et al.]
|
| 650 |
0 |
7 |
|a cesty dýchacie
|x rezistencia
|x genetika
|x imunita
|2 snkbucl
|9 1443092
|
| 650 |
0 |
7 |
|a pľúca
|x kapacita
|x vzduch reziduálny
|2 snkbucl
|9 1443093
|
| 650 |
0 |
7 |
|a oscilometria
|2 snkbucl
|9 1443094
|
| 650 |
0 |
7 |
|a odpor dýchacích ciest
|2 snkbucl
|9 22737
|
| 650 |
0 |
7 |
|a oscilometria
|x metódy
|x trendy
|x využitie
|2 snkbucl
|9 1443095
|
| 650 |
0 |
7 |
|a kapacita funkčná reziduálna
|x fyziológia
|x genetika
|2 snkbucl
|9 1443096
|
| 650 |
0 |
7 |
|a štatistika
|x metódy
|x trendy
|2 snkbucl
|9 1280159
|
| 650 |
0 |
7 |
|a protokoly klinické
|x klasifikácia
|2 snkbucl
|9 1271550
|
| 655 |
|
7 |
|a články z novín a časopisov
|2 snkbucl
|9 267496
|
| 700 |
1 |
|
|a Gutová, V.
|4 aut
|9 1148198
|
| 700 |
1 |
|
|a Hanzlíková, J.
|4 aut
|9 1261234
|
| 700 |
1 |
|
|a Haschová, M.
|4 aut
|9 1261235
|
| 700 |
1 |
|
|a Malkusová, Ivana,
|d 1958-
|4 aut
|9 119278
|
| 700 |
1 |
|
|a Panzner, Petr,
|d 1958-
|4 aut
|9 92439
|
| 711 |
2 |
|
|a Zjazd českých a slovenských alergológov a klinických imunológov
|n (18. :
|d 2001 :
|c Poprad, Slovensko)
|4 aut
|9 120287
|
| 773 |
0 |
|
|t Klinická imunológia a alergológia
|g Roč. 11, č. 3 (2001), s. 26-27
|x 1335-0013
|
| 850 |
|
|
|a Slovenská národná knižnica
|
| 852 |
|
|
|a Slovenská národná knižnica
|
| 954 |
|
|
|a odborná, vedecká literatúra cudzojazyčná (svetová)
|2 lita
|
| 958 |
|
|
|a article2022
|
| 958 |
|
|
|a MI
|
| 958 |
|
|
|a OND
|
| 958 |
|
|
|a EUIPO
|
| 999 |
|
|
|c 2895835
|d 2897765
|